Σημεία στίξεως
Saved in:
| Main Author: | |
|---|---|
| Format: | Book |
| Language: | Greek |
| Published: |
Αθήνα :
Στοχαστής,
1987
|
| Series: | Σύγχρονοι Ελληνες συγγραφείς
|
| Subjects: | |
| Tags: |
Add Tag
No Tags, Be the first to tag this record!
|
MARC
| LEADER | 00000nam a2200000 i 4500 | ||
|---|---|---|---|
| 001 | 1/46565 | ||
| 008 | 941103s1987 gre d | ||
| 035 | |l 10042830 | ||
| 040 | |a GR-MY-UA |b gre |e aacr | ||
| 041 | 0 | |a gre | |
| 082 | 0 | |a 889.4 | |
| 100 | 1 | |a Ραυτόπουλος, Δημήτρης. | |
| 245 | 1 | 0 | |a Σημεία στίξεως / |c Δημήτρης Ραυτόπουλος |
| 260 | |a Αθήνα : |b Στοχαστής, |c 1987 | ||
| 300 | |a 209 σ.; |c 21 εκ. | ||
| 490 | 1 | |a Σύγχρονοι Ελληνες συγγραφείς | |
| 650 | 0 | 0 | |a Greek essays, Modern. |
| 830 | 0 | |a Σύγχρονοι Ελληνες συγγραφείς | |
| 852 | |a INST |b CHIOS |e 20000907 |h 889.4 ΡΑΥ |p 005200017776 |q 005200017776 |t BK |y 0 | ||
| 852 | |a INST |b SAMOS |e 19941103 |h 889.4 ΡΑΥ |p 005300000179 |q 005300000179 |t BK |y 0 | ||
| 901 | |a BIBL2-2000-2 | ||
| 909 | |a Σ |b 019226 | ||
| 909 | |a Χ |b 019424 | ||
| 970 | |z 2000/09/LITSA | ||